Rubber exploitation at chamcar andong rubber plantation,( ការធ្វើអាជីវកម្មដំណាំកៅស៊ូនៅចំការកៅស់ូចំការអណ្តូង). (Record no. 492)

000 -LEADER
fixed length control field 00523nam a22001457a 4500
003 - CONTROL NUMBER IDENTIFIER
control field OSt
005 - DATE AND TIME OF LATEST TRANSACTION
control field 20150915133240.0
008 - FIXED-LENGTH DATA ELEMENTS--GENERAL INFORMATION
fixed length control field 150915b xxu||||| |||| 00| 0 eng d
040 ## - CATALOGING SOURCE
Transcribing agency RUA
100 ## - MAIN ENTRY--PERSONAL NAME
9 (RLIN) 513
Personal name KAL, SOPHOS
245 ## - TITLE STATEMENT
Title Rubber exploitation at chamcar andong rubber plantation,( ការធ្វើអាជីវកម្មដំណាំកៅស៊ូនៅចំការកៅស់ូចំការអណ្តូង).
260 ## - PUBLICATION, DISTRIBUTION, ETC. (IMPRINT)
Place of publication, distribution, etc. phnom phen
Name of publisher, distributor, etc. RUA
Date of publication, distribution, etc. 1999
300 ## - PHYSICAL DESCRIPTION
Extent 43P.
Other physical details ILL.
Dimensions 29CM.
942 ## - ADDED ENTRY ELEMENTS (KOHA)
Source of classification or shelving scheme
Koha item type AGR

No items available.

មជ្ឈមណ្ឌលឯការនៃសាកលវិទ្យាល័យភូមិន្ទកសិកម្មចំការដូង

Powered by Koha